De cómo nació la memoria de El Bosque / (Record no. 187922)

MARC details
000 -CABECERA
campo de control de longitud fija 00662nam a2200217 u 4500
005 - FECHA Y HORA DE LA ÚLTIMA TRANSACCIÓN
campo de control 20240228064256.0
008 - ELEMENTOS DE LONGITUD FIJA--INFORMACIÓN GENERAL
campo de control de longitud fija 170207s2007 mx r 000 0 spa d
020 ## - NÚMERO INTERNACIONAL NORMALIZADO PARA LIBROS
Número Internacional Estándar del Libro 9789681684518
035 ## - NÚMERO DE CONTROL DEL SISTEMA
Número de control de sistema UPN01000215822
049 ## - COLECCIÓN
Colección I
050 #4 - SIGNATURA TOPOGRÁFICA DE LA BIBLIOTECA DEL CONGRESO
Número de clasificación QH541.5 F6
Número de documento/Ítem M3.3
100 1# - ASIENTO PRINCIPAL--NOMBRE PERSONAL
Nombre de persona Martínez, Rocío,
Fechas asociadas al nombre 1966-
9 (RLIN) 35791
245 10 - MENCIÓN DE TÍTULO
Título De cómo nació la memoria de El Bosque /
Mención de responsabilidad, etc. Rocío Martínez.
260 ## - PUBLICACIÓN, DISTRIBUCIÓN, ETC.
Lugar de publicación, distribución, etc. México :
Nombre del editor, distribuidor, etc. FCE,
Fecha de publicación, distribución, etc. 2007.
300 ## - DESCRIPCIÓN FÍSICA
Extensión 25 p. :
Otras características físicas il. col.
440 #4 - MENCIÓN DE SERIE/ASIENTO SECUNDARIO--TÍTULO
Título Los especiales de A la orilla del viento
650 #2 - ASIENTO SECUNDARIO DE MATERIA - TERMINO TEMATICO
Término de materia o nombre geográfico como elemento de entrada Bosques
Subdivisión de forma Literatura infantil
9 (RLIN) 17158
650 #4 - ASIENTO SECUNDARIO DE MATERIA - TERMINO TEMATICO
Término de materia o nombre geográfico como elemento de entrada Libros y lectura para niños
9 (RLIN) 2290
905 ## - TIPO DE MATERIAL
Tipo de material Infantil
Holdings
Estado de retiro Estado de pérdida Fuente del sistema de clasificación o colocación Estado dañado No para préstamo Código de colección Localización permanente Ubicación/localización actual Ubicación en estantería Fecha de adquisición Clasificación Código de barras Fecha visto por última vez Número de copia Tipo de ítem Koha
    Library of Congress Classification     Infantil Bib. Gregorio Torres Quintero Bib. Gregorio Torres Quintero Sala infantil Planta baja 10/05/2023 QH541.5 F6 M3.3 306268 31/12/2020 1 Libro